| 000 | 01114nam a22003737a 4500 | ||
|---|---|---|---|
| 001 | BR0700551 | ||
| 003 | BR-BrBNA | ||
| 005 | 20230928102327.0 | ||
| 007 | ta | ||
| 008 | 230509b bl.||||| |||| 00| 0 por d | ||
| 040 |
_aBR-BrBNA _bpor _cBiblioteca Nacional de Agricultura |
||
| 041 | _a(Por) | ||
| 072 |
_aE16 _b8440 |
||
| 090 | _ 8440 BR0700551 | ||
| 100 | 1 | _aSouza Filho, J. | |
| 100 | 1 | _aHerzog, D. | |
| 100 | 1 | _aFrigo, T.B. | |
| 110 | 1 | _aInstituto de Planejamento e Economia Agrícola de Santa Catarina, Florianopólis (Brasil) | |
| 110 | 1 |
_aSecretaria de Estado da Agricultura e Política Rural, Florianopólis, SC (Brasil) _98790 |
|
| 245 | 1 | _aCusto de produção da ostra cultivada | |
| 260 | 3 |
_aFlorianopólis, SC (Brasil): _c2003. |
|
| 300 | _a23 p. | ||
| 500 | _a8 ref. | ||
| 650 | _aOSTRA | ||
| 650 | _aOSTREICULTURA | ||
| 650 | _aPRODUÇÃO PESQUEIRA | ||
| 650 | _aPRODUTIVIDADE | ||
| 650 | _aCUSTO DE PRODUÇÃO | ||
| 650 | _aDADOS ESTATÍSTICOS | ||
| 650 | _aDIVULGAÇÃO | ||
| 650 | _aDESENVOLVIMENTO PESQUEIRO | ||
| 909 |
_a202309 _bLucia _c55 _dLucia Elande |
||
| 942 | _cBK | ||
| 999 |
_c70206 _d70206 |
||